|
|
|
|
| LEADER |
00000nkm a2200000 a 4500 |
| 001 |
vtls011876039 |
| 003 |
SK-MaSNL |
| 005 |
20260331211618.0 |
| 007 |
kf bo |
| 008 |
200623q1930 xr g kucze |
| 015 |
|
|
|a SNBG
|
| 040 |
|
|
|a SNK
|b slo
|c SNK
|e AACR2
|
| 041 |
0 |
|
|a cze
|
| 043 |
|
|
|a e-xr---
|
| 044 |
|
|
|a xr
|c CZ
|
| 072 |
|
7 |
|a 913(4)
|x Geografia Európy, reálie, cestovanie
|2 konspekt
|
| 080 |
|
|
|a 913(437.3)
|2 2011
|
| 080 |
|
|
|a (084.121)
|2 2011
|
| 100 |
1 |
|
|a Vrohota, F.
|c (fotograf)
|4 pht
|9 358879
|
| 245 |
1 |
0 |
|a Pozdrav z Rudolfova
|h grafika
|b celkový pohled : Obchod Dobal. : Dělnické domky
|c Foto: F. Vrohota
|
| 260 |
|
|
|a [Lišov?]
|b [vydavateľ neznámy]
|c [medzi 1930 a 1939?]
|
| 300 |
|
|
|a 1 pohľadnica (3 čiastkové pohľady)
|b čiernobiela
|c 9 x 14 cm
|
| 500 |
|
|
|a Názvové údaje prevzaté z obrazovej strany pohľadnice
|
| 520 |
8 |
|
|a Zobrazenie: Pohľad na obec, obchod a robotnícke domčeky
|
| 651 |
|
7 |
|a Rudolfov (Česko)
|2 SNKPHgeo
|9 358880
|
| 655 |
|
7 |
|a pohľadnice
|2 SNKPH
|9 70741
|
| 958 |
|
|
|a OND
|
| 958 |
|
|
|a GBN
|
| 958 |
|
|
|a GC
|
| 958 |
|
|
|a CZ
|
| 999 |
|
|
|c 603549
|d 605479
|
| 952 |
|
|
|a SNK
|b SNK
|y PREZ
|7 0
|p 17A1237594
|o snkSP 32854
|0 0
|1 0
|4 0
|d 2019-07-10
|l 0
|r 2026-02-23 16:01:16
|w 2026-02-23
|